| Tag |
First Indicator |
Second Indicator |
Subfields |
| LEADER |
00000cam a2200000 a 4500 |
| 001 |
in00000009875 |
| 005 |
20151007051557.0 |
| 008 |
840604s1984 nyua 00110ceng |
| 010 |
|
|
|a 84010302
|
| 020 |
|
|
|a 0525242716
|
| 035 |
|
|
|a (OCoLC)10877545
|
| 035 |
|
|
|9 AAA3707AM
|
| 040 |
|
|
|a DLC
|c DLC
|d m/c
|d TXA
|d UtOrBLW
|
| 043 |
|
|
|a n-us-ca
|
| 049 |
|
|
|a TXAM
|c [A12640994]
|
| 050 |
0 |
0 |
|a PN1993.5.U65
|b A513 1984
|
| 082 |
0 |
|
|a 791.43/028/0922
|a B
|2 19
|
| 100 |
1 |
|
|a Anger, Kenneth.
|
| 240 |
1 |
0 |
|a Hollywood Babylon II
|
| 245 |
1 |
0 |
|a Kenneth Anger's Hollywood Babylon II.
|
| 250 |
|
|
|a 1st ed.
|
| 264 |
|
1 |
|a New York :
|b Dutton,
|c [1984]
|
| 264 |
|
4 |
|c ©1984
|
| 300 |
|
|
|a 331 pages :
|b illustrations ;
|c 26 cm.
|
| 336 |
|
|
|a text
|b txt
|2 rdacontent
|
| 337 |
|
|
|a unmediated
|b n
|2 rdamedia
|
| 338 |
|
|
|a volume
|b nc
|2 rdacarrier
|
| 500 |
|
|
|a Maps on lining papers.
|
| 500 |
|
|
|a Includes index.
|
| 650 |
|
0 |
|a Motion picture actors and actresses
|z California
|z Hollywood
|x Biography
|x Anecdotes.
|
| 651 |
|
0 |
|a Hollywood (Los Angeles, Calif.)
|x Social life and customs
|x Anecdotes.
|
| 740 |
0 |
|
|a Hollywood Babylon II.
|
| 999 |
|
|
|a MARS
|
| 999 |
f |
f |
|s 9655bf21-d657-3360-9057-02800354383f
|i 56cab176-009b-31d0-8443-37e221461122
|t 0
|
| 952 |
f |
f |
|p noncirc
|a Texas A&M University
|b J.J. Pickle Campus
|c High Density Repository
|d Remote Storage
|t 0
|e PN1993.5.U65 A513 1984
|h Library of Congress classification
|i unmediated -- volume
|m A1485340685B
|
| 952 |
f |
f |
|p normal
|a Texas A&M University
|b College Station
|c Sterling C. Evans Library
|d Evans: Library Stacks
|t 0
|e PN1993.5.U65 A513 1984
|h Library of Congress classification
|i unmediated -- volume
|m A14812640994
|
| 998 |
f |
f |
|a PN1993.5.U65 A513 1984
|t 0
|l Remote Storage
|
| 998 |
f |
f |
|a PN1993.5.U65 A513 1984
|t 0
|l Evans: Library Stacks
|